1145 1466 1764 1565 1666 1702 1652 1627 1054 1050 1141 1968 1206 1771 1515 1048 1314 1097 1902 1783 1982 1497 1241 1450 1101 1018 1941 1978 1405 1554 1917 1581 1116 1310 1341 1585 1577 1955 1206 1112 1906 1550 1118 1993 1275 1444 1149 1423 1703 1283 1826 1365 1951 1219 1726 1464 1463 1476 1541 1105 1015 1008 1574 1430 1165 1319 1582 1392 1005 1690 1944 1362 1167 1989 1307 1526 1643 1487 1967 1493 1630 1121 1498 1745 1125 1235 1588 1476 1436 1465 1558 1066 1525 1418 1470 1622 1723 1311 1258 BCNSPRNW ULIB Ver.6.0+V

เปลี่ยนเป็นภาษาไทย

Change to English
 แสดงรายละเอียดบรรณานุกรม
  กลับหน้าหลัก

Brief Record : Get Marc (ISO 2709) : E-mail record : QR code < ปิดหน้าต่าง
LEADER : 00000nam 2200000uu 4500
001    13399114229
003     ULIB
008    120305s2547||||th 000 0 tha d
020    ^a9749183371
020    ^a9789749183373
060 04 ^aWD210^bป411อ 2547
100 0  ^aประสาร เปรมะสกุล,^cพล. อ.,^d2481-
245 10 ^aอ้วนไม่อ้วนก็ควรลดไขมัน /^cประสาร เปรมะสกุล
250    ^aพิมพ์ครั้งที่ 1
260    ^aกรุงเทพฯ :^bอรุณการพิมพ์,^c2547
300    ^a(9), 273 หน้า ;^c22 ซม.
440  0 ^aชุดชีววิถึแนวใหม่ ;^vเล่มที่ 3
650  4 ^aการลดความอ้วน
650  4 ^aการกำหนดอาหาร
650  4 ^aอาหาร, การกำหนด
945    ^p280^l0^i18894
995    ^aกัณชพร
999 ^a ใช้งานได้ทุกระบบ
รายการนี้ยังไม่มีแท็ก
คุณยังไม่ได้ล็อกอิน คุณสามารถมีกิจกรรมร่วมกับเว็บไซต์ได้ แต่ต้องล็อกอินก่อน ::
  ล็อกอิน

รายการสื่อสารสนเทศ

ลำดับที่ ประเภท เลขเรียก/บาร์โค้ด สถานที่ สถานะ
- ไม่พบข้อมูล -

รายการใกล้เคียง
    หัวเรื่อง [การลดความอ้วน]
    หัวเรื่อง [การกำหนดอาหาร]
    หัวเรื่อง [อาหาร, การกำหนด]

BibComment


ยังไม่เคยถูกคอมเมนท์

คอมเมนท์ทรัพยากรรายการนี้
  คอมเมนท์: อ้วนไม่อ้วนก็ควร..


 Copyright 2026. Bcnsprnw @Library